5 Largest Cities Ending in Each Vowel AEIOU - Statistics

General Stats
  • This quiz has been taken 116 times
  • The average score is 16 of 25
Answer Stats
Answer % Correct
Tokyo
100%
Cairo
93%
Sao Paulo
85%
Delhi
83%
Rio deJaneiro
83%
Shanghai
83%
Jakarta
82%
Manila
79%
Osaka
76%
Mumbai
75%
Chicago
70%
Kolkata
69%
Guangzhou
68%
Dhaka
65%
Karachi
64%
Lahore
56%
Bengaluru
55%
Singapore
55%
Taipei
52%
Chengdu
50%
Hangzhou
36%
Seattle
27%
Shantou
19%
Porto Alegre
13%
Cologne
11%
No matching quizzes found
Score Distribution
Percent of People with Each Score
Percentile by Number Answered
Your Score History
You have not taken this quiz